مكتبة جامعة عجلون الوطنية

فهرس بحث المكتبة

Normal view MARC view
  • العالم العربي- التاريخ القديم

Entry Topical Term

Number of records used in: 1

001 - CONTROL NUMBER

  • control field: 21137

003 - CONTROL NUMBER IDENTIFIER

  • control field: JO-AjAnu

005 - DATE AND TIME OF LATEST TRANSACTION

  • control field: 20230606073651.0

008 - FIXED-LENGTH DATA ELEMENTS

  • fixed length control field: 230606|| aca||aabn | a|a d

040 ## - CATALOGING SOURCE

  • Original cataloging agency: JO-AjAnu
  • Transcribing agency: JO-AjAnu

150 ## - HEADING--TOPICAL TERM

  • Topical term or geographic name entry element: العالم العربي- التاريخ القديم

670 ## - SOURCE DATA FOUND

  • Source citation: Work cat.: (JO-AjAnu)10860: تاليف فخرى، أحمد, author 21136,  دراسات في تاريخ الشرق القديم: مصر والعراق- سوريا- اليمن- إيران : مختارات من الوثائق التاريخية